Lady Cartier

Guardado en:
Bibliografiske detaljer
Hovedforfatter: Lachance, Micheline
Format: Bog
Sprog:Undetermined
Udgivet: Canadá Quebec Amérique 2004
Fag:
Tags: Tilføj Tag
Ingen Tags, Vær først til at tagge denne postø!

MARC

LEADER 00000nam a2200000Ia 4500
008 170316s9999 xx 000 0 und d
040 |a cru BVZT 
090 |a 818 L-1.1L 
100 |a Lachance, Micheline 
245 |a Lady Cartier 
260 |a Canadá 
260 |b Quebec Amérique 
260 |c 2004 
300 |a 542 páginas 
650 |a LITERATURA CANADIENSE 
650 |a NOVELA 
999 |c 6497  |d 6497 
942 |c 15 D  |h 818 L-1.1L  |2 z